[Event "CRO-chT Div1B qual"]
[Site "Crikvenica"]
[Date "2020.11.22"]
[Round "3.2"]
[White "Makovec, Bruno"]
[Black "Licardo, Renato"]
[Result "0-1"]
[WhiteElo "2262"]
[BlackElo "2220"]
[PlyCount "80"]
[EventDate "2020.11.21"]
[EventType "team-tourn"]
[EventRounds "3"]
[EventCountry "CRO"]
[SourceTitle "EXT 2022"]
[Source "ChessBase"]
[SourceDate "2021.10.06"]
[SourceVersion "1"]
[SourceVersionDate "2021.10.06"]
[SourceQuality "1"]

1. d4 Nf6 2. Nf3 g6 3. c4 Bg7 4. e3 0-0 5. Be2 c5 6. d5 d6 7. Nc3 e6 8. e4 exd5 9. cxd5 a6 10. a4 h6 11. Nd2 Nbd7 12. Nc4 Nb6 13. Na3 Re8 14. f3 Kh7 15. 0-0 Qe7 16. Be3 Nbd7 17. Nc4 Ne5 18. Nxe5 Qxe5 19. Qd2 Bd7 20. Rfb1 b6 21. Ra3 Reb8 22. b4 Qe8 23. Bf4 Bf8 24. bxc5 bxc5 25. Rab3 Rxb3 26. Rxb3 Nh5 27. Be3 Bxa4 28. Ra3 Bd7 29. Rxa6 Rxa6 30. Bxa6 Bg7 31. g4 Qa8 32. Bf1 Nf6 33. Bf4 Qa3 34. Bxd6 Ne8 35. Nb1 Qxf3 36. Bxc5 Qxe4 37. Nc3 Qxg4+ 38. Bg2 Qc4 39. Ne4 f5 40. Qb4 Bd4+ 0-1

[Event "CRO-chT2 West"]
[Site "Rijeka"]
[Date "2020.10.11"]
[Round "6.2"]
[White "Licardo, Renato"]
[Black "Crnkovic, Zdravko"]
[Result "1-0"]
[WhiteElo "2233"]
[BlackElo "2006"]
[PlyCount "57"]
[EventDate "2020.09.12"]
[EventType "team-tourn"]
[EventRounds "9"]
[EventCountry "CRO"]
[SourceTitle "EXT 2022"]
[Source "ChessBase"]
[SourceDate "2021.10.06"]
[SourceVersion "1"]
[SourceVersionDate "2021.10.06"]
[SourceQuality "1"]
[WhiteTeam "Porec Gortan"]
[BlackTeam "Rovinj Batana"]
[WhiteTeamCountry "CRO"]
[BlackTeamCountry "CRO"]

1. e4 g6 2. d4 Bg7 3. Nc3 c6 4. Be3 d6 5. Qd2 Nf6 6. f3 0-0 7. Bh6 Bxh6 8. Qxh6 Qb6 9. 0-0-0 a5 10. h4 Nbd7 11. h5 Re8 12. Bc4 e6 13. Nge2 Nf8 14. Nf4 e5 15. hxg6 d5 16. dxe5 Rxe5 17. gxf7+ Kxf7 18. exd5 Qe3+ 19. Kb1 b5 20. Rd3 Qc5 21. Ne6 Nxe6 22. dxe6+ Bxe6 23. Bxe6+ Rxe6 24. Rhd1 Rae8 25. Ne4 Nxe4 26. Qxh7+ Kf8 27. fxe4 Qe5 28. Rf1+ Rf6 29. Rxf6+ 1-0

[Event "CRO-chT2 West"]
[Site "Croatia"]
[Date "2017.10.22"]
[Round "8"]
[White "Muskardin, Mario"]
[Black "Licardo, Renato"]
[Result "1-0"]
[WhiteElo "2230"]
[BlackElo "2235"]
[PlyCount "78"]
[EventDate "2017.03.25"]
[EventType "team-tourn"]
[EventRounds "9"]
[EventCountry "CRO"]
[SourceTitle "EXT 2020"]
[Source "ChessBase"]
[SourceDate "2019.10.17"]
[SourceVersion "1"]
[SourceVersionDate "2019.10.17"]
[SourceQuality "1"]

1. Nf3 Nf6 2. c4 g6 3. g3 Bg7 4. Bg2 0-0 5. 0-0 c6 6. Nc3 d5 7. cxd5 cxd5 8. d4 Nc6 9. Ne5 Bf5 10. Bg5 Ne4 11. Nxc6 bxc6 12. Nxe4 dxe4 13. Rc1 Bxd4 14. Rxc6 Bxb2 15. Qc2 Bg7 16. Bxe4 h6 17. Be3 Bxe4 18. Qxe4 Kh7 19. Ra6 e5 20. Qa4 Qe8 21. Rd1 Qxa4 22. Rxa4 a6 23. Rd6 Rfd8 24. Rxd8 Rxd8 25. Rxa6 Rd1+ 26. Kg2 Re1 27. a4 Rxe2 28. a5 h5 29. Ra7 Ra2 30. a6 Bh6 31. Bb6 e4 32. Ra8 e3 33. a7 Rxf2+ 34. Kg1 Ra2 35. Re8 Ra1+ 36. Kg2 Ra2+ 37. Kf3 f5 38. Re7+ Kg8 39. Bxe3 Ra3 1-0

[Event "CRO-CupT final"]
[Site "Sibenik"]
[Date "2015.05.20"]
[Round "1.13"]
[White "Mrdja, Milan"]
[Black "Licardo, Renato"]
[Result "1-0"]
[WhiteElo "2393"]
[BlackElo "2144"]
[PlyCount "165"]
[EventDate "2015.05.20"]
[EventType "team-swiss"]
[EventRounds "6"]
[EventCountry "CRO"]
[SourceTitle "CBM 166 Extra"]
[Source "ChessBase"]
[SourceDate "2015.06.18"]
[SourceVersion "1"]
[SourceVersionDate "2015.06.18"]
[SourceQuality "1"]
[WhiteTeam "Vukovar 91"]
[BlackTeam "Porec Gortan"]
[WhiteTeamCountry "CRO"]
[BlackTeamCountry "CRO"]

1. e4 g6 2. d4 Bg7 3. c3 Nf6 4. e5 Nd5 5. Bc4 Nb6 6. Bb3 d6 7. f4 0-0 8. Nf3 c5 9. dxc5 dxc5 10. Qxd8 Rxd8 11. Be3 Na6 12. Na3 Bg4 13. Ke2 Nd5 14. Rad1 Bxf3+ 15. Kxf3 Nxe3 16. Kxe3 Nc7 17. Ke4 e6 18. Nc4 b5 19. Nd6 c4 20. Bc2 Bf8 21. Nb7 Rxd1 22. Rxd1 Rb8 23. Na5 Nd5 24. Nc6 Rb7 25. a3 Bc5 26. Kf3 Ne3 27. Rd8+ Kg7 28. Be4 Bb6 29. Rd2 Rc7 30. Nd4 Bxd4 31. Rxd4 Nf5 32. Rd8 Ne7 33. Rb8 Rc5 34. Rb7 Nc8 35. Ke3 Nb6 36. Rxa7 Na4 37. Ra5 Nxb2 38. Kd4 Rc7 39. Rxb5 Nd1 40. Rb7 Rc8 41. a4 Rd8+ 42. Kxc4 Rc8+ 43. Kb4 Nxc3 44. Bf3 Na2+ 45. Ka3 Nc1 46. a5 Rc2 47. Rb2 Rc5 48. Ka4 Nd3 49. Ra2 Rc4+ 50. Kb3 Rxf4 51. a6 Nc5+ 52. Kc3 Nxa6 53. Rxa6 g5 54. Kd3 h5 55. Ke3 Rb4 56. Bxh5 Rh4 57. g4 Rh3+ 58. Kf2 Rxh2+ 59. Kg3 Re2 60. Ra7 Rxe5 61. Rxf7+ Kh6 62. Kf3 Re1 63. Rf6+ Kh7 64. Rf7+ Kg8 65. Rb7 Re5 66. Bg6 Kf8 67. Bd3 Re1 68. Kf2 Rd1 69. Be2 Ra1 70. Bc4 e5 71. Rf7+ Ke8 72. Rg7 Ra5 73. Be6 Kf8 74. Rf7+ Ke8 75. Rh7 Kf8 76. Ke3 Ra6 77. Bf5 Ra4 78. Rb7 Rf4 79. Rb5 Kg7 80. Rxe5 Kh6 81. Re6+ Kg7 82. Rg6+ Kf7 83. Rxg5 1-0

[Event "Pula-ch"]
[Site "Pula"]
[Date "2015.01.22"]
[Round "3"]
[White "Zufic, Miroslav"]
[Black "Licardo, Renato"]
[Result "1-0"]
[WhiteElo "2457"]
[BlackElo "2152"]
[PlyCount "103"]
[EventDate "2015.01.15"]
[EventType "swiss"]
[EventRounds "9"]
[EventCountry "CRO"]
[SourceTitle "EXT 2016"]
[Source "ChessBase"]
[SourceDate "2015.10.08"]
[SourceVersion "1"]
[SourceVersionDate "2015.10.08"]
[SourceQuality "1"]

1. e4 c6 2. d4 d5 3. e5 Bf5 4. Nf3 e6 5. Be2 c5 6. Be3 Qb6 7. Nc3 c4 8. 0-0 Qxb2 9. Qe1 Bb4 10. Rb1 Bxc3 11. Rxb2 Bxe1 12. Nxe1 b6 13. g4 Bg6 14. Ng2 Ne7 15. Bd2 h5 16. h3 hxg4 17. hxg4 Nbc6 18. Bc3 Kd7 19. a4 Rh3 20. f3 Rah8 21. Kf2 Rh1 22. Rg1 Rxg1 23. Kxg1 Rb8 24. Kf2 a6 25. Nf4 b5 26. Nxg6 Nxg6 27. axb5 axb5 28. Ke3 Nh4 29. Bf1 b4 30. Be1 Ng6 31. f4 Nge7 32. Rb1 Kc7 33. Be2 Rh8 34. Bxb4 Rh3+ 35. Bf3 Nxb4 36. Rxb4 Nc6 37. Ra4 Nxd4 38. Kxd4 Rxf3 39. Ra7+ Kc6 40. Rxf7 g5 41. f5 Rf4+ 42. Kc3 Rxg4 43. f6 Re4 44. Rf8 Kd7 45. Ra8 Rf4 46. Kb4 g4 47. Kc5 c3 48. Ra7+ Ke8 49. Kd6 Rb4 50. Kxe6 Rb6+ 51. Kf5 d4 52. e6 1-0

[Event "CRO-chT2 West"]
[Site "Croatia"]
[Date "2014.11.16"]
[Round "9.41"]
[White "Licardo, Renato"]
[Black "Tica, Sven"]
[Result "1/2-1/2"]
[WhiteElo "2170"]
[BlackElo "2243"]
[PlyCount "68"]
[EventDate "2014.03.15"]
[EventType "team-tourn"]
[EventRounds "9"]
[EventCountry "CRO"]
[SourceTitle "EXT 2019"]
[Source "ChessBase"]
[SourceDate "2018.10.10"]
[SourceVersion "1"]
[SourceVersionDate "2018.10.10"]
[SourceQuality "1"]
[WhiteTeam "Porec Gortan"]
[BlackTeam "Rijeka CC II"]
[WhiteTeamCountry "CRO"]
[BlackTeamCountry "CRO"]

1. e4 c5 2. Nf3 Nc6 3. Bb5 g6 4. 0-0 Bg7 5. Re1 Nf6 6. c3 0-0 7. d4 cxd4 8. cxd4 d6 9. Nc3 Bd7 10. h3 Rc8 11. Bg5 h6 12. Be3 Na5 13. Bxd7 Qxd7 14. e5 Ne8 15. Bf4 Nc4 16. b3 Nb6 17. Qd2 Kh7 18. Rac1 dxe5 19. dxe5 Qxd2 20. Bxd2 Nc7 21. Ne4 Ne6 22. Nc3 Nc5 23. Ne4 Ne6 24. Nc3 Nc5 25. Ne4 Nd3 26. Rxc8 Rxc8 27. Re3 Nxe5 28. Nxe5 Bxe5 29. Ng5+ hxg5 30. Rxe5 e6 31. Bxg5 Nd5 32. Re2 Kg7 33. Kf1 f6 34. Be3 Nxe3+ 1/2-1/2

[Event "CRO-chT2 West"]
[Site "Croatia"]
[Date "2014.03.16"]
[Round "3.41"]
[White "Tirkajla, Boris"]
[Black "Licardo, Renato"]
[Result "1/2-1/2"]
[WhiteElo "2154"]
[BlackElo "2170"]
[PlyCount "144"]
[EventDate "2014.03.15"]
[EventType "team-tourn"]
[EventRounds "9"]
[EventCountry "CRO"]
[SourceTitle "EXT 2019"]
[Source "ChessBase"]
[SourceDate "2018.10.10"]
[SourceVersion "1"]
[SourceVersionDate "2018.10.10"]
[SourceQuality "1"]
[WhiteTeam "Mali Losinj"]
[BlackTeam "Porec Gortan"]
[WhiteTeamCountry "CRO"]
[BlackTeamCountry "CRO"]

1. g3 e5 2. Bg2 d5 3. d3 Bc5 4. Nf3 Nc6 5. 0-0 f6 6. c3 Be6 7. d4 Be7 8. dxe5 fxe5 9. Qa4 Qd7 10. Rd1 0-0-0 11. b4 Bf6 12. Ng5 Kb8 13. e4 d4 14. b5 Nce7 15. Nxe6 Qxe6 16. Bb2 Nc8 17. cxd4 Nb6 18. Qb3 Qxb3 19. axb3 exd4 20. f4 Be7 21. Na3 Nf6 22. Nc2 d3 23. Nd4 Bc5 24. Rxd3 Rhe8 25. Kf1 Bxd4 26. Rxd4 Rxd4 27. Bxd4 Nxe4 28. Bxg7 Nd2+ 29. Kf2 Nxb3 30. Rd1 Nc5 31. f5 Rg8 32. Bc3 h5 33. Rd4 Rf8 34. Ke3 a6 35. bxa6 Rxf5 36. Rd8+ Ka7 37. axb7 Nxb7 38. Rh8 Nd5+ 39. Bxd5 Rxd5 40. h3 Nd6 41. g4 hxg4 42. hxg4 Kb7 43. Rh5 Rd1 44. Rh2 c5 45. Ke2 Rg1 46. Kf3 Kc6 47. Rh6 Kd5 48. Rh5+ Kc4 49. Bd2 Nb5 50. Be3 Nd4+ 51. Kf4 Rf1+ 52. Ke4 Re1 53. Re5 Kb4 54. g5 Nc2 55. Kd3 Nxe3 56. Rxe3 c4+ 57. Kd2 Rg1 58. Re2 Kb3 59. Re3+ Kb2 60. Re5 c3+ 61. Kd3 Rg3+ 62. Ke4 c2 63. Rb5+ Rb3 64. Rc5 Rc3 65. Rb5+ Ka3 66. Ra5+ Kb4 67. Ra1 c1Q 68. Rxc1 Rxc1 69. Ke5 Kc5 70. g6 Rg1 71. Kf6 Kd6 72. g7 Rg2 1/2-1/2